The establishment of quail farm (Cuturnix-Cuturnix) in Sitio Pahang Brgy. Halayhayin, Pililla, Rizal/ (Record no. 76329)
[ view plain ]
| 000 -LEADER | |
|---|---|
| fixed length control field | 00998nam a22002417i 4500 |
| 003 - CONTROL NUMBER IDENTIFIER | |
| control field | URS |
| 005 - DATE AND TIME OF LATEST TRANSACTION | |
| control field | 20240416181700.0 |
| 008 - FIXED-LENGTH DATA ELEMENTS--GENERAL INFORMATION | |
| fixed length control field | 190209b ||||| |||| 00| 0 eng d |
| 040 ## - CATALOGING SOURCE | |
| Language of cataloging | eng |
| Description conventions | rda |
| Transcribing agency | URS Pililla Library |
| 082 00 - DEWEY DECIMAL CLASSIFICATION NUMBER | |
| Item number | FS BSBA MM2 2014 |
| 100 1# - MAIN ENTRY--PERSONAL NAME | |
| Personal name | Ilustre, Kevin P. |
| Relator term | researcher |
| 245 14 - TITLE STATEMENT | |
| Title | The establishment of quail farm (Cuturnix-Cuturnix) in Sitio Pahang Brgy. Halayhayin, Pililla, Rizal/ |
| Statement of responsibility, etc. | Kevin P. Lustre |
| 300 ## - PHYSICAL DESCRIPTION | |
| Extent | xvi, 84 leaves; |
| Dimensions | 28 cm. |
| 336 ## - CONTENT TYPE | |
| Content type term | text |
| Content type code | txt |
| Source | rdacontent |
| 337 ## - MEDIA TYPE | |
| Media type term | unmediated |
| Media type code | n |
| Source | rdamedia |
| 338 ## - CARRIER TYPE | |
| Carrier type term | volume |
| Carrier type code | nc |
| Source | rdacarrier |
| 502 ## - DISSERTATION NOTE | |
| Dissertation note | Undergraduate Feasibility Study |
| Name of granting institution | Bachelor of Science in Buisness Administration Major in Marketing Management |
| Year degree granted | University of Rizal System Pililla |
| 700 1# - ADDED ENTRY--PERSONAL NAME | |
| Personal name | Bias, Marilen C. |
| Relator term | adviser |
| 700 1# - ADDED ENTRY--PERSONAL NAME | |
| Personal name | David Jr., Noli R. |
| Relator term | researcher |
| 700 1# - ADDED ENTRY--PERSONAL NAME | |
| Personal name | Guillemer, Marrietonie C. |
| Relator term | researcher |
| 856 ## - ELECTRONIC LOCATION AND ACCESS | |
| Materials specified | Online Request for Student Unpublished Works |
| Uniform Resource Identifier | <a href="https://forms.gle/7LqvGGkaDrUQqz429">https://forms.gle/7LqvGGkaDrUQqz429</a> |
| 942 ## - ADDED ENTRY ELEMENTS (KOHA) | |
| Source of classification or shelving scheme | Dewey Decimal Classification |
| Koha item type | Theses and dissertations |
No items available.